[Event "RN-2014-0-00787"]
[Site "LSS email"]
[Date "2014.04.03"]
[Round "?"]
[White "Fridich, Vaclav Sr"]
[Black "Meyer, Frank"]
[Result "1-0"]
[WhiteElo "958"]
[BlackElo "553"]
[PlyCount "39"]
[EventDate "2014.03.27"]
[EventType "tourn (corr)"]
[EventRounds "6"]
[EventCountry "GER"]
[SourceTitle "Telechess CBM 167"]
[Source "ChessBase"]
[SourceDate "2015.07.13"]
[SourceVersion "1"]
[SourceVersionDate "2015.07.13"]
[SourceQuality "1"]

1. e4 e5 2. Nf3 Nf6 3. d4 exd4 4. Bg5 Be7 5. e5 Nd5 6. Bxe7 Nxe7 7. Nxd4 0-0 8. Bc4 Ng6 9. Nf3 Re8 10. 0-0 Nxe5 11. Nxe5 Rxe5 12. Nc3 Nc6 13. a3 d6 14. f4 Re8 15. Re1 Bf5 16. Rxe8+ Qxe8 17. Qd2 Qd7 18. Re1 h6 19. Bd3 Bxd3 20. Qxd3 1-0

[Event "RN-2014-0-00785"]
[Site "LSS email"]
[Date "2014.04.01"]
[Round "?"]
[White "Meyer, Frank"]
[Black "Bester, Kazimierz"]
[Result "0-1"]
[WhiteElo "553"]
[BlackElo "726"]
[PlyCount "40"]
[EventDate "2014.03.21"]
[EventType "tourn (corr)"]
[EventRounds "6"]
[EventCountry "GER"]
[SourceTitle "Telechess CBM 167"]
[Source "ChessBase"]
[SourceDate "2015.07.13"]
[SourceVersion "1"]
[SourceVersionDate "2015.07.13"]
[SourceQuality "1"]

1. e4 d5 2. exd5 Qxd5 3. Nc3 Qa5 4. Nf3 Nf6 5. Bc4 Nc6 6. 0-0 Bg4 7. Re1 0-0-0 8. h3 Bxf3 9. Qxf3 Nd4 10. Qd1 e6 11. d3 Be7 12. a3 Rhg8 13. b4 Bxb4 14. Bb2 Bxc3 15. Bxc3 Qxc3 16. Qb1 Rd6 17. Bb3 Rb6 18. Qa2 g5 19. Rab1 Kb8 20. Rb2 Qxe1+ 0-1

[Event "RN-2014-0-00782"]
[Site "LSS email"]
[Date "2014.03.26"]
[Round "?"]
[White "Meyer, Frank"]
[Black "Lombardi, Donato"]
[Result "0-1"]
[WhiteElo "553"]
[BlackElo "903"]
[PlyCount "104"]
[EventDate "2014.03.16"]
[EventType "tourn (corr)"]
[EventRounds "6"]
[EventCountry "GER"]
[SourceTitle "Telechess CBM 167"]
[Source "ChessBase"]
[SourceDate "2015.07.13"]
[SourceVersion "1"]
[SourceVersionDate "2015.07.13"]
[SourceQuality "1"]

1. d4 d5 2. c4 c6 3. cxd5 cxd5 4. Nf3 Nf6 5. Nc3 e6 6. h3 Bd6 7. Bg5 Nbd7 8. e3 0-0 9. Bd3 a6 10. 0-0 h6 11. Bh4 Qc7 12. Qe1 b5 13. Bg3 b4 14. Bxd6 Qxd6 15. Ne2 e5 16. dxe5 Nxe5 17. Nxe5 Qxe5 18. Nd4 Bd7 19. b3 Rfe8 20. Qxb4 Ne4 21. Rac1 Rab8 22. Qe1 Rec8 23. Rxc8+ Rxc8 24. Qb1 Nd2 25. Qd1 Nxf1 26. Bxf1 Bb5 27. Nxb5 axb5 28. Bxb5 Qb2 29. Qxd5 Qxa2 30. Bc4 Qa1+ 31. Kh2 Qf6 32. f3 Rd8 33. Qa5 Qd6+ 34. Kg1 Qd2 35. Qxd2 Rxd2 36. e4 Kf8 37. Kh2 Ke7 38. Kg3 f6 39. f4 Kd6 40. Kf3 g6 41. Bf7 g5 42. fxg5 hxg5 43. g3 Ke5 44. Kg4 Rd3 45. h4 gxh4 46. gxh4 Rc3 47. h5 Kxe4 48. h6 f5+ 49. Kg5 Rh3 50. b4 f4 51. Bh5 f3 52. h7 f2 0-1

[Event "RN-2014-0-00781"]
[Site "LSS email"]
[Date "2014.03.22"]
[Round "?"]
[White "Meyer, Frank"]
[Black "Bester, Kazimierz"]
[Result "0-1"]
[WhiteElo "553"]
[BlackElo "726"]
[PlyCount "114"]
[EventDate "2014.03.11"]
[EventType "tourn (corr)"]
[EventRounds "6"]
[EventCountry "GER"]
[SourceTitle "Telechess CBM 167"]
[Source "ChessBase"]
[SourceDate "2015.07.13"]
[SourceVersion "1"]
[SourceVersionDate "2015.07.13"]
[SourceQuality "1"]

1. d4 e6 2. c4 Nf6 3. Nc3 Bb4 4. Nf3 Ne4 5. Qc2 0-0 6. Bf4 Nxc3 7. bxc3 Be7 8. e3 d6 9. Bd3 Nd7 10. Bxh7+ Kh8 11. Bd3 g6 12. h4 Kg7 13. h5 g5 14. h6+ Kh8 15. Bg3 f5 16. 0-0-0 Nb6 17. Rh5 f4 18. exf4 gxf4 19. Bh4 Bxh4 20. Rxh4 Rg8 21. Rg1 Qf6 22. Qd2 Bd7 23. Rxf4 Qe7 24. Nh2 d5 25. c5 Na4 26. Bc2 b5 27. g4 e5 28. Rf3 e4 29. Rfg3 Qh4 30. R1g2 a5 31. Bxa4 bxa4 32. g5 Rg6 33. Nf1 Bh3 34. Rh2 Rxg5 35. Rhxh3 Qxh3 36. Rxh3 Rg1 37. Qe2 a3 38. Kd2 Rb8 39. Qd1 Rb2+ 40. Ke3 Rxa2 41. Qb3 Ra1 42. Qb8+ Rg8 43. Qb3 a2 44. Qb2 Re1+ 45. Kf4 a1Q 46. Qxa1 Rxa1 47. Ne3 c6 48. c4 Rf8+ 49. Kg3 Rg1+ 50. Kh2 Rfg8 51. cxd5 cxd5 52. Rg3 R1xg3 53. fxg3 Rg6 54. Nxd5 Rxh6+ 55. Kg2 a4 56. Kf2 a3 57. Nc3 Rf6+ 0-1

[Event "RN-2014-0-00778"]
[Site "LSS email"]
[Date "2014.03.17"]
[Round "?"]
[White "Meyer, Frank"]
[Black "Bester, Kazimierz"]
[Result "0-1"]
[WhiteElo "553"]
[BlackElo "747"]
[PlyCount "62"]
[EventDate "2014.03.04"]
[EventType "tourn (corr)"]
[EventRounds "6"]
[EventCountry "GER"]
[SourceTitle "Telechess CBM 167"]
[Source "ChessBase"]
[SourceDate "2015.07.13"]
[SourceVersion "1"]
[SourceVersionDate "2015.07.13"]
[SourceQuality "1"]

1. b4 Nf6 2. Bb2 b5 3. e3 Nc6 4. a3 Ba6 5. Nc3 Rb8 6. Nf3 g6 7. Be2 Bg7 8. Nd5 0-0 9. Nxf6+ exf6 10. 0-0 d5 11. Nd4 Nxd4 12. Bxd4 Rb7 13. Bf3 c6 14. Re1 Re8 15. e4 dxe4 16. Bxe4 Rc7 17. Bb2 f5 18. Bf3 Bxb2 19. Ra2 Rxe1+ 20. Qxe1 Bg7 21. d3 Bc8 22. c4 Re7 23. Qd2 bxc4 24. Bxc6 cxd3 25. Bf3 Ba6 26. a4 Bc4 27. Ra3 Qd4 28. g3 Rc7 29. Kg2 Bd5 30. Bxd5 Qxd5+ 31. Kg1 Rc3 0-1

[Event "SN-2014-0-00581"]
[Site "LSS email"]
[Date "2014.03.14"]
[Round "?"]
[White "Meyer, Frank"]
[Black "Huseby, Juan Carlos"]
[Result "1-0"]
[WhiteElo "553"]
[BlackElo "464"]
[PlyCount "39"]
[EventDate "2014.02.21"]
[EventType "tourn (corr)"]
[EventRounds "6"]
[EventCountry "GER"]
[SourceTitle "Telechess CBM 167"]
[Source "ChessBase"]
[SourceDate "2015.07.13"]
[SourceVersion "1"]
[SourceVersionDate "2015.07.13"]
[SourceQuality "1"]

1. d4 g6 2. c4 Bg7 3. Nf3 Nf6 4. Nc3 d5 5. cxd5 Nxd5 6. e4 Nxc3 7. bxc3 Bg4 8. h3 Bxf3 9. Qxf3 c5 10. Bc4 cxd4 11. Qxf7+ Kd7 12. cxd4 Bxd4 13. Rb1 Qa5+ 14. Bd2 Bxf2+ 15. Ke2 Bg3 16. Bxa5 Nc6 17. Be6+ Kd6 18. Rhd1+ Ke5 19. Rb5+ Kxe4 20. Qf3# 1-0

[Event "SN-2014-0-00578"]
[Site "LSS email"]
[Date "2014.03.03"]
[Round "?"]
[White "Meyer, Frank"]
[Black "Linart, Ludvik"]
[Result "1-0"]
[WhiteElo "553"]
[BlackElo "922"]
[PlyCount "62"]
[EventDate "2014.02.10"]
[EventType "tourn (corr)"]
[EventRounds "6"]
[EventCountry "GER"]
[SourceTitle "Corr 2015"]
[Source "ChessBase"]
[SourceDate "2015.07.17"]
[SourceVersion "1"]
[SourceVersionDate "2015.07.17"]
[SourceQuality "1"]

1. e4 e5 2. Nf3 Nc6 3. Nc3 Nf6 4. Bc4 Bb4 5. a3 Bxc3 6. bxc3 0-0 7. 0-0 Nxe4 8. Re1 d5 9. Ba2 Be6 10. Bb2 f6 11. d3 Nd6 12. d4 e4 13. Nd2 Qd7 14. f3 f5 15. fxe4 fxe4 16. c4 dxc4 17. c3 Bg4 18. Qc2 Rae8 19. Nxc4 Nxc4 20. Bxc4+ Kh8 21. Re3 Qf5 22. Rf1 Qg6 23. Rxf8+ Rxf8 24. Qxe4 Qxe4 25. Rxe4 Bh5 26. Bb5 Nd8 27. Re7 c6 28. Bd3 Re8 29. Rd7 Bg4 30. Rc7 Kg8 31. h3 Bc8 1-0

[Event "SN-2014-0-00578"]
[Site "LSS email"]
[Date "2014.03.02"]
[Round "?"]
[White "Goti, Javier"]
[Black "Meyer, Frank"]
[Result "1-0"]
[WhiteElo "727"]
[BlackElo "553"]
[PlyCount "63"]
[EventDate "2014.02.10"]
[EventType "tourn (corr)"]
[EventRounds "6"]
[EventCountry "GER"]
[SourceTitle "Corr 2015"]
[Source "ChessBase"]
[SourceDate "2015.07.17"]
[SourceVersion "1"]
[SourceVersionDate "2015.07.17"]
[SourceQuality "1"]

1. e4 d6 2. Nf3 c5 3. d4 cxd4 4. Nxd4 Nc6 5. Bb5 Bd7 6. 0-0 Nxd4 7. Bxd7+ Qxd7 8. Qxd4 b6 9. Nc3 Nf6 10. Bg5 g6 11. Bxf6 exf6 12. Qxf6 Rg8 13. Nd5 Bg7 14. Qf4 Bxb2 15. Rab1 Be5 16. Nf6+ Ke7 17. Nxg8+ Rxg8 18. Qg5+ f6 19. Qh6 Ke8 20. f4 Bd4+ 21. Kh1 Rg7 22. Qh4 Kf8 23. Rbd1 Bc5 24. Qxf6+ Rf7 25. Qh8+ Ke7 26. e5 Qe6 27. Rfe1 d5 28. Rd3 Qf5 29. Rxd5 Qxf4 30. Qd8+ Ke6 31. h3 Kf5 32. e6+ 1-0

[Event "SN-2014-0-00578"]
[Site "LSS email"]
[Date "2014.03.02"]
[Round "?"]
[White "Neil, Charles"]
[Black "Meyer, Frank"]
[Result "1/2-1/2"]
[WhiteElo "513"]
[BlackElo "553"]
[PlyCount "64"]
[EventDate "2014.02.10"]
[EventType "tourn (corr)"]
[EventRounds "6"]
[EventCountry "GER"]
[SourceTitle "Corr 2015"]
[Source "ChessBase"]
[SourceDate "2015.07.17"]
[SourceVersion "1"]
[SourceVersionDate "2015.07.17"]
[SourceQuality "1"]

1. d4 d5 2. c4 dxc4 3. Nc3 Nf6 4. e3 Bf5 5. Bxc4 e6 6. Qe2 Bb4 7. Nf3 0-0 8. 0-0 a6 9. a3 Ba5 10. Nh4 Bg6 11. Nxg6 hxg6 12. b4 Bb6 13. Bb2 Nc6 14. Rfd1 Ne7 15. Rac1 Ned5 16. Nxd5 Nxd5 17. e4 Nf6 18. d5 exd5 19. exd5 Qd7 20. Qd2 Ne4 21. Qf4 Rae8 22. Bd4 Bxd4 23. Rxd4 Nd6 24. h4 Qf5 25. Bb3 Qxf4 26. Rxf4 Re2 27. Rxc7 Rb2 28. Bc4 Nxc4 29. Rfxc4 b5 30. Rc2 Rb3 31. R2c3 Rb1+ 32. Rc1 Rb3 1/2-1/2

[Event "BI-2013-F-0021"]
[Site "LSS email"]
[Date "2014.02.21"]
[Round "?"]
[White "Meyer, Frank"]
[Black "Perez, Giorgio"]
[Result "0-1"]
[WhiteElo "553"]
[BlackElo "1343"]
[PlyCount "28"]
[EventDate "2014.02.27"]
[EventType "tourn (corr)"]
[EventRounds "10"]
[EventCountry "GER"]
[SourceTitle "Corr 2015"]
[Source "ChessBase"]
[SourceDate "2015.07.17"]
[SourceVersion "1"]
[SourceVersionDate "2015.07.17"]
[SourceQuality "1"]

1. d4 Nf6 2. c4 e6 3. Nc3 d5 4. cxd5 exd5 5. Nf3 Nbd7 6. e3 c6 7. Bd3 Bd6 8. 0-0 0-0 9. a3 Re8 10. Re1 Ne4 11. Nd2 Bxh2+ 12. Kxh2 Qh4+ 13. Kg1 Qxf2+ 14. Kh2 Re6 0-1

[Event "BI-2013-F-0021"]
[Site "LSS email"]
[Date "2014.02.21"]
[Round "?"]
[White "Meyer, Frank"]
[Black "Wilshusen, Horst"]
[Result "0-1"]
[WhiteElo "553"]
[BlackElo "1296"]
[PlyCount "38"]
[EventDate "2014.02.27"]
[EventType "tourn (corr)"]
[EventRounds "10"]
[EventCountry "GER"]
[SourceTitle "Corr 2015"]
[Source "ChessBase"]
[SourceDate "2015.07.17"]
[SourceVersion "1"]
[SourceVersionDate "2015.07.17"]
[SourceQuality "1"]

1. d4 Nf6 2. c4 e6 3. Bd2 c5 4. e3 Nc6 5. a3 d6 6. Nf3 Be7 7. b4 0-0 8. Be2 Ne4 9. Nc3 Nxd2 10. Qxd2 cxb4 11. d5 bxc3 12. Qxc3 Qa5 13. Qxa5 Nxa5 14. 0-0 b6 15. Rfc1 Bb7 16. Rab1 Rac8 17. e4 e5 18. Nd2 Bg5 19. Rc2 Bxd2 0-1

[Event "RN-2014-0-00766"]
[Site "LSS email"]
[Date "2014.02.19"]
[Round "?"]
[White "Meyer, Frank"]
[Black "Tassinati, Mirco"]
[Result "1-0"]
[WhiteElo "553"]
[BlackElo "520"]
[PlyCount "51"]
[EventDate "2014.02.07"]
[EventType "tourn (corr)"]
[EventRounds "6"]
[EventCountry "GER"]
[SourceTitle "Telechess CBM 167"]
[Source "ChessBase"]
[SourceDate "2015.07.13"]
[SourceVersion "1"]
[SourceVersionDate "2015.07.13"]
[SourceQuality "1"]

1. d4 d5 2. c4 dxc4 3. e4 Nf6 4. Nc3 e6 5. Bxc4 Bb4 6. Bg5 0-0 7. a3 Bxc3+ 8. bxc3 Nc6 9. e5 h6 10. exf6 hxg5 11. fxg7 Kxg7 12. Bd3 f5 13. Ne2 g4 14. 0-0 a6 15. Ng3 Rh8 16. Nxf5+ Kf7 17. Bc4 b5 18. Ba2 Ne7 19. Nxe7 Qxe7 20. Qxg4 Ke8 21. Rfe1 Qd6 22. h3 e5 23. Rxe5+ Kf8 24. Qf4+ Kg7 25. Rg5+ Kh7 26. Qf7+ 1-0

[Event "RN-2014-0-00766"]
[Site "LSS email"]
[Date "2014.02.19"]
[Round "?"]
[White "Vontina, Maria"]
[Black "Meyer, Frank"]
[Result "0-1"]
[WhiteElo "738"]
[BlackElo "553"]
[PlyCount "70"]
[EventDate "2014.02.07"]
[EventType "tourn (corr)"]
[EventRounds "6"]
[EventCountry "GER"]
[SourceTitle "Telechess CBM 167"]
[Source "ChessBase"]
[SourceDate "2015.07.13"]
[SourceVersion "1"]
[SourceVersionDate "2015.07.13"]
[SourceQuality "1"]

1. e4 d6 2. d4 Nf6 3. f3 g6 4. Ne2 Bg7 5. Nf4 0-0 6. Bc4 c5 7. Be3 cxd4 8. Bxd4 Nc6 9. Bc3 a6 10. 0-0 b5 11. Bb3 Bb7 12. Nd5 Na5 13. Nxf6+ Bxf6 14. Bxf6 Nxb3 15. axb3 exf6 16. Nc3 Rc8 17. Rc1 Qd7 18. Nd5 Bxd5 19. Qxd5 Qe6 20. Rfd1 Rfd8 21. b4 Rc4 22. c3 Qd7 23. b3 Rc6 24. c4 bxc4 25. bxc4 Qc7 26. Qd4 Rb8 27. Qxf6 Rxb4 28. Rd4 d5 29. Qg5 dxc4 30. Rd8+ Kg7 31. Rd4 Rc5 32. Qg4 a5 33. f4 c3 34. Rd7 Qb6 35. Kh1 c2 0-1

[Event "RN-2014-0-00766"]
[Site "LSS email"]
[Date "2014.02.18"]
[Round "?"]
[White "Meyer, Frank"]
[Black "Lombardi, Donato"]
[Result "0-1"]
[WhiteElo "553"]
[BlackElo "875"]
[PlyCount "46"]
[EventDate "2014.02.07"]
[EventType "tourn (corr)"]
[EventRounds "6"]
[EventCountry "GER"]
[SourceTitle "Telechess CBM 167"]
[Source "ChessBase"]
[SourceDate "2015.07.13"]
[SourceVersion "1"]
[SourceVersionDate "2015.07.13"]
[SourceQuality "1"]

1. e4 e6 2. Nf3 d5 3. exd5 exd5 4. b3 Nf6 5. Bb2 Bd6 6. Bd3 0-0 7. 0-0 c5 8. h3 Be6 9. Ng5 Re8 10. Nxe6 fxe6 11. Re1 Qd7 12. Nc3 d4 13. Ne4 Nd5 14. Nxd6 Qxd6 15. Qf3 Nc6 16. Qe4 Nf6 17. Qh4 e5 18. f3 Nb4 19. Bc4+ Kh8 20. c3 Nc2 21. cxd4 Nxe1 22. dxe5 Qxd2 23. exf6 Qxg2# 0-1

[Event "LSS No Engine Cup 102 Preliminary 6"]
[Site "LSS email"]
[Date "2014.01.21"]
[Round "?"]
[White "Meyer, Frank"]
[Black "Kalinin, Vyacheslav"]
[Result "0-1"]
[WhiteElo "553"]
[BlackElo "1327"]
[PlyCount "68"]
[EventDate "2014.01.22"]
[EventType "tourn (corr)"]
[EventRounds "6"]
[EventCountry "GER"]
[SourceTitle "Telechess CBM 167"]
[Source "ChessBase"]
[SourceDate "2015.07.13"]
[SourceVersion "1"]
[SourceVersionDate "2015.07.13"]
[SourceQuality "1"]

1. d4 Nf6 2. c4 e5 3. e3 Bb4+ 4. Bd2 Bxd2+ 5. Qxd2 e4 6. Nc3 0-0 7. Nge2 d6 8. Ng3 Re8 9. b4 h5 10. h4 Bg4 11. Be2 Bxe2 12. Qxe2 g6 13. 0-0-0 Nc6 14. a3 Qd7 15. Qc2 Qe7 16. Nge2 Ng4 17. Nf4 Kg7 18. Ncd5 Qd7 19. f3 exf3 20. gxf3 Nxe3 21. Nxe3 Rxe3 22. Rhg1 Kf8 23. Nxg6+ fxg6 24. Qxg6 Qe6 25. Qg7+ Ke8 26. Qg8+ Kd7 27. Qxe6+ Kxe6 28. d5+ Kf6 29. dxc6 bxc6 30. Kb2 Rxf3 31. Rd4 Re8 32. a4 Re2+ 33. Kc1 Ra3 34. Kd1 Rh2 0-1

[Event "RN-2014-0-00755"]
[Site "LSS email"]
[Date "2014.01.21"]
[Round "?"]
[White "Meyer, Frank"]
[Black "Newton, Daryl"]
[Result "1-0"]
[WhiteElo "553"]
[BlackElo "531"]
[PlyCount "73"]
[EventDate "2014.01.09"]
[EventType "tourn (corr)"]
[EventRounds "6"]
[EventCountry "GER"]
[SourceTitle "Telechess CBM 167"]
[Source "ChessBase"]
[SourceDate "2015.07.13"]
[SourceVersion "1"]
[SourceVersionDate "2015.07.13"]
[SourceQuality "1"]

1. d4 d5 2. c4 Nf6 3. Nf3 b6 4. Bf4 dxc4 5. e3 b5 6. a4 Nbd7 7. axb5 e6 8. Bxc4 Bb4+ 9. Nc3 Nb6 10. Bb3 0-0 11. 0-0 Ng4 12. Ne5 Qh4 13. Qxg4 Qxg4 14. Nxg4 Bd6 15. Bxd6 cxd6 16. f3 Re8 17. Rfc1 f5 18. Nf2 d5 19. Nd3 Rf8 20. f4 Bd7 21. Ne5 Rae8 22. Nxd7 Nxd7 23. Rxa7 Re7 24. Na4 Ref7 25. Rcc7 Nf6 26. Rxf7 Rxf7 27. Rxf7 Kxf7 28. b6 Nd7 29. Nc5 Nxb6 30. Kf2 h6 31. Bc2 Nc4 32. b4 g5 33. fxg5 h5 34. h4 Nd2 35. Bd1 Ne4+ 36. Nxe4 fxe4 37. Bxh5+ 1-0

[Event "LSS No Engine Cup 102 Preliminary 6"]
[Site "LSS email"]
[Date "2014.01.21"]
[Round "?"]
[White "Tassinati, Mirco"]
[Black "Meyer, Frank"]
[Result "1-0"]
[WhiteElo "520"]
[BlackElo "553"]
[PlyCount "71"]
[EventDate "2014.01.22"]
[EventType "tourn (corr)"]
[EventRounds "6"]
[EventCountry "GER"]
[SourceTitle "Telechess CBM 167"]
[Source "ChessBase"]
[SourceDate "2015.07.13"]
[SourceVersion "1"]
[SourceVersionDate "2015.07.13"]
[SourceQuality "1"]

1. e4 d6 2. d4 Nf6 3. Nc3 g6 4. Bg5 Bg7 5. e5 dxe5 6. dxe5 Qxd1+ 7. Nxd1 Nfd7 8. f4 0-0 9. Nf3 f6 10. exf6 exf6 11. Bc4+ Kh8 12. Bh4 Re8+ 13. Be2 Nc6 14. Nc3 b6 15. 0-0-0 f5 16. Bb5 Ncb8 17. Ng5 Bxc3 18. bxc3 c6 19. Bd3 Nc5 20. Nf7+ Kg7 21. Nd6 Nxd3+ 22. Rxd3 Re2 23. Nxc8 Na6 24. Nd6 Rxg2 25. Nc4 Nc5 26. Rd6 Ne4 27. Rd7+ Kg8 28. Rhd1 Rxh2 29. Rd8+ Rxd8 30. Rxd8+ Kg7 31. Rd7+ Kf8 32. Rd8+ Kf7 33. Ne5+ Kg7 34. Rd7+ Kh6 35. Bg5+ Nxg5 36. fxg5+ 1-0

[Event "SN-2014-0-00569"]
[Site "LSS email"]
[Date "2014.01.17"]
[Round "?"]
[White "Newton, Daryl"]
[Black "Meyer, Frank"]
[Result "0-1"]
[WhiteElo "531"]
[BlackElo "553"]
[PlyCount "110"]
[EventDate "2014.01.02"]
[EventType "tourn (corr)"]
[EventRounds "6"]
[EventCountry "GER"]
[SourceTitle "Telechess CBM 167"]
[Source "ChessBase"]
[SourceDate "2015.07.13"]
[SourceVersion "1"]
[SourceVersionDate "2015.07.13"]
[SourceQuality "1"]

1. e3 c5 2. Bc4 a6 3. Qf3 Nf6 4. d3 d5 5. Bb3 b5 6. e4 dxe4 7. dxe4 Bb7 8. Nh3 c4 9. Ng5 cxb3 10. Qxb3 e6 11. 0-0 Be7 12. Nc3 0-0 13. a4 b4 14. Nxe6 fxe6 15. Qxe6+ Kh8 16. Na2 Bc5 17. Be3 Bxe3 18. fxe3 a5 19. e5 Qd5 20. Qh3 Qxe5 21. c3 b3 22. Nc1 Nbd7 23. Nd3 Qe4 24. Nf4 Nc5 25. Rf3 Qc2 26. Rf2 Qe4 27. Rf3 Nd3 28. Nh5 Nxh5 29. Qxh5 Rxf3 30. Qxf3 Qxf3 31. gxf3 Bxf3 32. Ra3 Bd5 33. e4 Bc4 34. Ra1 Nxb2 35. Kf2 Nd3+ 36. Ke3 b2 37. Rd1 Rd8 38. e5 Bb3 39. Rg1 Bc2 40. e6 b1Q 41. Rxb1 Bxb1 42. c4 Re8 43. Kd4 Rxe6 44. c5 Nb4 45. Kc4 Bd3+ 46. Kc3 Ba6 47. Kd4 g5 48. h3 h5 49. c6 g4 50. hxg4 hxg4 51. c7 g3 52. Kc5 g2 53. c8Q+ Bxc8 54. Kb5 g1Q 55. Kxa5 Qb6# 0-1

[Event "ZN-2014-0-02559"]
[Site "LSS email"]
[Date "2014.01.14"]
[Round "?"]
[White "Kramskoi, Vasyl"]
[Black "Meyer, Frank"]
[Result "1-0"]
[WhiteElo "998"]
[BlackElo "955"]
[PlyCount "57"]
[EventDate "2014.01.10"]
[EventType "match (corr)"]
[EventRounds "2"]
[EventCountry "GER"]
[SourceTitle "Telechess CBM 167"]
[Source "ChessBase"]
[SourceDate "2015.07.13"]
[SourceVersion "1"]
[SourceVersionDate "2015.07.13"]
[SourceQuality "1"]

1. d4 d5 2. c4 e6 3. Nf3 Nf6 4. g3 Be7 5. Bg2 0-0 6. Qc2 h6 7. 0-0 Na6 8. a3 c5 9. cxd5 Nxd5 10. e4 Nf6 11. e5 Nd5 12. Nc3 Nb6 13. dxc5 Bxc5 14. b4 Be7 15. Qe4 Nd5 16. Bd2 Nac7 17. Qg4 Kh8 18. Ne4 f5 19. exf6 Nxf6 20. Qg6 Nxe4 21. Qxe4 Nd5 22. Ne5 Kg8 23. a4 Bf6 24. Ra3 Qc7 25. Ng4 Be7 26. Nxh6+ gxh6 27. Qg6+ Kh8 28. Bxd5 exd5 29. Bc3+ 1-0

[Event "ZN-2014-0-02559"]
[Site "LSS email"]
[Date "2014.01.14"]
[Round "?"]
[White "Meyer, Frank"]
[Black "Kramskoi, Vasyl"]
[Result "0-1"]
[WhiteElo "955"]
[BlackElo "998"]
[PlyCount "50"]
[EventDate "2014.01.10"]
[EventType "match (corr)"]
[EventRounds "2"]
[EventCountry "GER"]
[SourceTitle "Telechess CBM 167"]
[Source "ChessBase"]
[SourceDate "2015.07.13"]
[SourceVersion "1"]
[SourceVersionDate "2015.07.13"]
[SourceQuality "1"]

1. d4 Nf6 2. c4 g6 3. Nf3 Bg7 4. Nc3 d5 5. cxd5 Nxd5 6. e3 0-0 7. Bd2 c6 8. Be2 Nb6 9. 0-0 N8d7 10. a3 e5 11. dxe5 Nxe5 12. Rc1 Nbc4 13. Nd4 Nxd2 14. Qxd2 c5 15. Nb3 b6 16. Rfd1 Be6 17. Na1 Qh4 18. h3 Rfd8 19. Qc2 Bf5 20. Qa4 Qxa4 21. Nxa4 Nd3 22. Bxd3 Bxd3 23. Nc3 Rac8 24. Nb3 c4 25. Nd2 Bxc3 0-1

[Event "OP-2014-0-03230"]
[Site "LSS email"]
[Date "2014.01.10"]
[Round "?"]
[White "Raines, David T"]
[Black "Meyer, Frank"]
[Result "1-0"]
[WhiteElo "898"]
[BlackElo "812"]
[PlyCount "43"]
[EventDate "2014.01.06"]
[EventType "tourn (corr)"]
[EventRounds "4"]
[EventCountry "GER"]
[SourceTitle "Telechess CBM 167"]
[Source "ChessBase"]
[SourceDate "2015.07.13"]
[SourceVersion "1"]
[SourceVersionDate "2015.07.13"]
[SourceQuality "1"]

1. c4 g6 2. g3 Bg7 3. Bg2 c6 4. d4 Nf6 5. Nf3 0-0 6. 0-0 Re8 7. Nc3 a6 8. e4 d6 9. Re1 Bg4 10. h3 Bd7 11. Bg5 b5 12. cxb5 cxb5 13. Qd2 Nc6 14. Rac1 Na5 15. b3 Rc8 16. e5 dxe5 17. dxe5 Rxc3 18. Qxc3 Nd5 19. Qd2 Be6 20. Nd4 Bc8 21. Rxc8 Qxc8 22. Qxa5 1-0

[Event "OP-2014-0-03230"]
[Site "LSS email"]
[Date "2014.01.09"]
[Round "?"]
[White "Meyer, Frank"]
[Black "Lenz, Juergen"]
[Result "0-1"]
[WhiteElo "812"]
[BlackElo "1003"]
[PlyCount "88"]
[EventDate "2014.01.06"]
[EventType "tourn (corr)"]
[EventRounds "4"]
[EventCountry "GER"]
[SourceTitle "Telechess CBM 167"]
[Source "ChessBase"]
[SourceDate "2015.07.13"]
[SourceVersion "1"]
[SourceVersionDate "2015.07.13"]
[SourceQuality "1"]

1. d4 c5 2. Nf3 cxd4 3. Nxd4 d5 4. Bf4 Nc6 5. Nxc6 bxc6 6. e4 Nf6 7. exd5 cxd5 8. c3 Qb6 9. Qc2 g6 10. Bd3 Bg7 11. 0-0 0-0 12. Re1 e6 13. Na3 Ba6 14. Bxa6 Qxa6 15. Rab1 Rac8 16. Qe2 Qxe2 17. Rxe2 Ne4 18. f3 Nc5 19. Bd6 Rfd8 20. Bxc5 Rxc5 21. Nc2 Rb8 22. Nd4 Rxc3 23. Nc2 Rc7 24. b3 Rbc8 25. Na3 Bd4+ 26. Kf1 Rc1+ 27. Re1 Rxb1 28. Rxb1 a6 29. Ke2 Be5 30. Kd1 Bd6 31. Nc2 Bxh2 32. Nb4 a5 33. Nd3 Bd6 34. Rc1 Rxc1+ 35. Kxc1 e5 36. Kc2 f5 37. Nf2 Kg7 38. Kb2 Kf6 39. a3 Bc5 40. Nd3 Bd4+ 41. Kc2 e4 42. fxe4 fxe4 43. Nf4 Ke5 44. Ne2 Bc5 0-1

[Event "SN-2013-0-00567"]
[Site "LSS email"]
[Date "2014.01.09"]
[Round "?"]
[White "Newton, Daryl"]
[Black "Meyer, Frank"]
[Result "0-1"]
[WhiteElo "503"]
[BlackElo "812"]
[PlyCount "52"]
[EventDate "2013.12.27"]
[EventType "tourn (corr)"]
[EventRounds "6"]
[EventCountry "GER"]
[SourceTitle "Telechess CBM 167"]
[Source "ChessBase"]
[SourceDate "2015.07.13"]
[SourceVersion "1"]
[SourceVersionDate "2015.07.13"]
[SourceQuality "1"]

1. e4 d6 2. Bc4 Nf6 3. d4 Nxe4 4. Qf3 Nf6 5. Nh3 Bxh3 6. Qxh3 d5 7. Bb5+ c6 8. Ba4 e6 9. Na3 Qa5+ 10. Qc3 Bb4 11. Bd2 Bxc3 12. Bxc3 Qxa4 13. 0-0 Ne4 14. Nb1 Nxc3 15. Nxc3 Qxc2 16. Rab1 0-0 17. Rfe1 f6 18. Rxe6 Na6 19. Ree1 Rfe8 20. Rec1 Qf5 21. h3 Re7 22. Re1 Rae8 23. Rbd1 Rxe1+ 24. Rxe1 Rxe1+ 25. Kh2 Qf4+ 26. g3 Qxf2# 0-1